[Event "Asia-ch 6th"]
[Site "Cebu"]
[Date "2007.09.21"]
[Round "3"]
[White "Zhang, Pengxiang"]
[Black "So, Wesley"]
[Result "1-0"]
[WhiteElo "2649"]
[BlackElo "2516"]
[Annotator "Rogozenco,D"]
[PlyCount "91"]
[EventDate "2007.09.19"]
[EventType "swiss"]
[EventRounds "11"]
[EventCountry "PHI"]
[SourceTitle "CBM 120"]
[Source "ChessBase"]
[SourceDate "2007.10.02"]
[SourceVersion "1"]
[SourceVersionDate "2007.10.02"]
[SourceQuality "1"]

1. e4 c5 2. Nf3 Nc6 3. d4 cxd4 4. Nxd4 Nf6 5. Nc3 e5 6. Ndb5 d6 7. Bg5 a6 8.
Na3 b5 9. Nd5 Be7 10. Nxe7 {Zhang Pengxiang remains true to his beloved
variation against the Sveshnikov Sicilian.} Nxe7 11. Bxf6 gxf6 12. c4 Bb7 13.
Bd3 Rg8 {This has proved to be a reliable way for Black against White's set-up.
} (13... bxc4 14. Nxc4 d5 15. exd5 Qxd5 16. Qa4+ Kf8 17. O-O-O Qc5 18. f3 Kg7
19. Qa5 Rac8 20. Kb1 Rhd8 21. Qxc5 Rxc5 22. Ne3 $14 {/= 1/2-1/2 Zhang
Pengxiang (2519)-Shirov,A (2726)/Bastia (rapid) 2004 (54)}) 14. Rg1 (14. cxb5
Rxg2 15. bxa6 Bxa6 $13 {/=}) 14... bxc4 15. Nxc4 d5 16. exd5 Qxd5 17. Nd6+ $5
$146 (17. Qa4+ Kf8 {was good for Black in 1/2-1/2 Motylev,A (2651)-Shirov,A 
(2726)/Bastia (rapid) 2004 (38)}) 17... Kf8 18. Bxh7 Rh8 ({The alternative} 
18... Rxg2 19. Rxg2 Qxg2 20. Qh5 Bd5 21. Be4 $1 {looks risky for Black, but it
seems that he can defend:} Qg1+ 22. Ke2 Qg7 (22... Qg5 23. Qh8+ Qg8 24. Qxf6
$16) (22... Qxa1 $2 23. Qh6+ Kg8 24. Bh7+ Kh8 25. Nxf7+ Bxf7 26. Bg6+ $18) 23.
Rg1 Qxg1 24. Bxd5 Ng6 $1 {The only move, enough to hold the position.} 25. Qh6+
Ke7 26. Nf5+ (26. Bxa8 $2 Nf4+ $19) 26... Kd7 27. Qd2 Nf4+ 28. Ke3 Rb8 {
and my computer believes that this messy position is equal!}) 19. Qxd5 Bxd5 20.
Be4 Rd8 21. Bxd5 Rxd6 (21... Nxd5 22. Nf5 Rxh2 23. Rd1 $14) 22. Bc4 Rxh2 23.
Rd1 Rxd1+ 24. Kxd1 a5 25. Kd2 $14 {/= White has a better pawn structure and
the bishop is slightly stronger than the knight. Nevertheless due to little
material left Black should be able to achieve a draw rather easily.} Nf5 26.
Kc3 Nd6 (26... Nh4 $6 27. Bd5 $14) 27. Bd3 Ke7 28. a3 e4 ({The easiest is} 
28... f5 29. b4 axb4+ 30. axb4 f4 {[%cal Gf4f3]} 31. f3 (31. b5 f3 32. gxf3
Rxf2 $11) 31... f5 {[%cal Ge5e4] and Black has nothing to fear}) 29. Ba6 Rh5
30. b4 axb4+ 31. axb4 Rf5 $6 {Black loses the thread. He must advance his
pawns instead, trying to exchange them.} (31... Rd5 $1 32. Rb1 f5 $11 33. b5
Rd3+ 34. Kb4 (34. Kc2 Ra3 $1 {[%csl Ra6]}) 34... Rd4+ {and White goes nowhere}
(34... Rd2 {is also enough})) 32. Rf1 Kd7 $6 33. Kd4 $1 Kc6 $2 34. Ke3 Re5 35.
g4 $16 f5 $6 36. g5 {Being wrongly worried only about the opponent's passed
pawn Black completely misplayed the position. Now his kingside will collapse.}
Re8 $2 ({More stubborn was} 36... Kd7 $1 {(a difficult move after the previous
play)} 37. Rb1 $140 f4+ $1 38. Kxf4 Rf5+ $11) 37. Rc1+ $1 Kb6 $6 38. Be2 Rh8
39. b5 Kb7 (39... Rc8 40. Rxc8 Nxc8 41. Kf4 Nd6 42. Ke5 Kc5 43. Bf1 $18) 40.
Rc6 Ne8 41. Rh6 $18 Rf8 (41... Rg8 42. Kf4 $18) 42. Bc4 f6 (42... Nc7 43. Kf4
$18) 43. g6 Kb6 44. Rh7 Kc5 45. Be6 Kxb5 46. g7 1-0

[Event "WchT 5th"]
[Site "Yerevan"]
[Date "2001.10.14"]
[Round "3.1"]
[White "Dominguez Perez, Leinier"]
[Black "Leko, Peter"]
[Result "1/2-1/2"]
[WhiteElo "2596"]
[BlackElo "2739"]
[Annotator "Rogozenco,D"]
[PlyCount "46"]
[EventDate "2001.10.12"]
[EventType "team-tourn"]
[EventRounds "9"]
[EventCountry "ARM"]
[SourceTitle "CBM 086"]
[Source "ChessBase"]
[SourceDate "2002.02.05"]
[SourceVersion "1"]
[SourceVersionDate "2002.02.05"]
[SourceQuality "1"]
[WhiteTeam "Cuba"]
[BlackTeam "Hungary"]
[WhiteTeamCountry "CUB"]
[BlackTeamCountry "HUN"]

1. e4 c5 2. Nf3 Nc6 3. d4 cxd4 4. Nxd4 Nf6 5. Nc3 e5 6. Ndb5 d6 7. Bg5 a6 8.
Na3 b5 9. Nd5 Be7 10. Bxf6 Bxf6 11. c3 O-O 12. Nc2 Bg5 13. a4 bxa4 14. Rxa4 a5
15. Bb5 Ne7 16. Ncb4 Bh3 $5 {[#] Very nice-looking move. Black was able to
keep equality rather easy even without such measures, but it looks possible to
play this too.} (16... Bd7 {Most precise way to equalize.} 17. Nxe7+ Bxe7 18.
Bxd7 axb4 19. Bc6 Rxa4 20. Qxa4 bxc3 21. bxc3 Qb8 22. O-O Bd8 {1/2-1/2 Svidler,
P-Ivanchuk,V/Polanica Zdroj 2000}) 17. Nxe7+ Qxe7 18. Nd5 (18. Bc6 Rac8 (18...
Rab8 $2 19. Nd5) 19. Rxa5 Bxg2 20. Rg1 Bh3 21. Qh5 Bh4 22. Nd5 Qd8 23. Qh6 g6 {
brings White nothing concrete.}) (18. gxh3 axb4 19. Rxb4 Bf4 $44 (19... Qe6 $44
)) 18... Qb7 19. Bc4 Bd7 (19... Bxg2 $2 20. Rg1 $18) 20. Ra2 Kh8 (20... a4 $5)
21. O-O f5 (21... g6 22. f4 $14) 22. exf5 Bxf5 23. Ne3 Qd7 (23... Bxe3 $5 24.
Bd5 $140 Bxf2+ 25. Rxf2 Qb6 26. Bxa8 Bb1 $1) (23... Qd7 24. Nxf5 Rxf5 25. Qg4
$36) 1/2-1/2

[Event "American Continental 2nd"]
[Site "Buenos Aires"]
[Date "2003.08.28"]
[Round "10"]
[White "Bruzon Batista, Lazaro"]
[Black "Felgaer, Ruben Alejandro"]
[Result "1-0"]
[WhiteElo "2614"]
[BlackElo "2551"]
[Annotator "Rogozenco,D"]
[PlyCount "43"]
[EventDate "2003.08.17"]
[EventType "swiss"]
[EventRounds "11"]
[EventCountry "ARG"]
[SourceTitle "CBM 097"]
[Source "ChessBase"]
[SourceDate "2003.11.11"]
[SourceVersion "1"]
[SourceVersionDate "2003.11.11"]
[SourceQuality "1"]

1. e4 c5 2. Nf3 Nc6 3. d4 cxd4 4. Nxd4 Nf6 5. Nc3 e5 6. Ndb5 d6 7. Bg5 a6 8.
Na3 b5 9. Bxf6 gxf6 10. Nd5 f5 11. Bd3 Be6 12. Qh5 Rg8 13. g3 Rg5 14. Qd1 Bxd5
15. exd5 Ne7 16. c3 (16. Nxb5 Qb6 $1 $132 {0-1 Polgar,J-Leko,P/Budapest 2003 
(44)}) 16... Bh6 {Leko's move quickly gained popularity.} 17. Nc2 $146 {
A logical novelty, connected with an interesting idea to retreat the bishop
back to f1.} (17. Be2 Rc8 (17... Qb6 18. Nc2 Kf8 19. a4 bxa4 20. Nb4 f4 21.
Qxa4 f3 22. Bd3 Rg4 23. O-O $16 {1-0 Acs,P-Leko,P/Budapest 2003 (37)}) 18. c4
f4 19. cxb5 e4 $13 {1-0 Polgar,J-Lautier,J/Enghien les Bains 2003 (38)}) 17...
e4 18. Bf1 $5 {An amazing decision. It has two obvious advantages - keeping
the diagonal d1-h5 free for the queen and having the possibility to develop
the bishop on the more active positions on g2 or h3.} (18. Be2 f4 19. Nb4 $13)
18... f4 19. gxf4 Rxd5 20. Qg4 Rf5 $2 {This natural move has the drawback that
the rook can be attacked with Bh3.} (20... Rc5 $13 {[%cal Gd6d5]}) 21. Qh4 (21.
Nd4 Rxf4 22. Qh5 Rf6 (22... Bg7 $2 23. Ne6) 23. Qh4 $13) 21... Bxf4 $4 {
[%mdl 8192]} (21... Ng8 22. Qh3 Rxf4 (22... Rf6 23. Ne3 $14 {/+/-}) 23. Rg1 Kf8
24. Rxg8+ Kxg8 25. Qxh6 $16) (21... Bg7 22. Bh3 Rf6 23. Qxh7 Rg6 24. f5 Rg5 25.
Qh4 Nxf5 26. Qxe4+ $16) 22. Bh3 (22. Bh3 Bg5 23. Qxh7 $18 {[%cal Gh7h8]}) 1-0

[Event "RUS-ch sf 58th"]
[Site "Kazan"]
[Date "2005.09.06"]
[Round "4"]
[White "Motylev, Alexander"]
[Black "Shariyazdanov, Andrey"]
[Result "1-0"]
[WhiteElo "2675"]
[BlackElo "2592"]
[Annotator "Rogozenco,D"]
[PlyCount "65"]
[EventDate "2005.09.03"]
[EventType "swiss"]
[EventRounds "9"]
[EventCountry "RUS"]
[SourceTitle "CBM 109"]
[Source "ChessBase"]
[SourceDate "2005.11.14"]
[SourceVersion "1"]
[SourceVersionDate "2005.11.14"]
[SourceQuality "1"]

1. e4 c5 2. Nf3 Nc6 3. d4 cxd4 4. Nxd4 Nf6 5. Nc3 e5 6. Ndb5 d6 7. Bg5 a6 8.
Na3 b5 9. Bxf6 gxf6 10. Nd5 f5 11. Bd3 Be6 12. O-O Bxd5 13. exd5 Ne7 14. Re1
Bg7 15. c3 O-O 16. Qh5 e4 17. Bf1 Qd7 {A very continuation. Black must connect
it with similar ideas as after 17...Qc8. There are few small differences
between the position of the queen on c8 and d7. The more natural square d7 has
the advantage that the rooks are connected. In case of need the queen can
attack pawn d5 from b7. However from c8 the queen can go in some variations to
active square c5 (sometimes also to c4), which can be very important. In the
present game Shariyazdanov connected 17...Qc8 with the wrong plan.} (17... Qc8
18. Rad1 Re8 $1 (18... Ng6 19. g3 Re8 20. Bh3 Re5 21. Nc2 $14) 19. Nc2 ({After
} 19. g3 {Black must attack pawn d5 at once} Qc5 $1 $11) 19... Ng6 (19... Qc5
$6 20. Nd4 $16) 20. g3 f4 $1 {+/=/=}) (17... Re8 {is another main move}) 18.
Rad1 Ng6 $2 {White´s idea in this system is to play against Black´s pawn chain
e4-f5. For that purpose the main plan is g3, Bh3, Nc2-e3, after which White´s
advance of the f-pawn will be most unpleasant for the opponent. Black must try
to prevent that. When White plays g3, it would be good to play ...f4 in order
to avoid the pawn f5 getting pinned. Black can play ...f4 only if the pawn on
e4 is protected, therefore he needs a rook on e8. That´s why correct was to
put a rook on e8.} (18... Rfe8 19. Nc2 (19. g3 Qb7 $1 20. Nc2 Nxd5 21. Qxf5 Re5
$11) 19... Ng6 (19... Qb7 20. Nd4 $1 $16) 20. Nd4 Bxd4 21. Rxd4 Re5 $13 {/=}) (
18... Rae8 19. Nc2 (19. g3 Qb7 $1 (19... Ng6 20. Bh3 Re5 21. Nc2 $14 {/+/-}))
19... Ng6 (19... Qb7 20. Nd4 $16) 20. Nb4 $14) 19. g3 $16 ({Better than} 19.
Nc2 Rfe8 (19... Rae8 20. Nb4 $14) 20. g3 f4 $14) 19... b4 $6 ({Objectively
preferable is} 19... Rfe8 20. Bh3 Re5 21. Nc2 Ne7 22. Ne3 {White´s advantage
is out of question here, but Black can try to escape in some sort of endgame
with a pawn down later on (White will advance at some moment the f-pawn,
trading it for opponent´s e-pawn and opening the f-file, after which the pawn
on f5 will fall). The game Yagupov-Yudin, Tomsk 2004 reached this position
with White to move (Black played ...Qc8-d7), but an extra tempo does not
change much in the evaluation.}) 20. cxb4 ({Possibly Motylev didn´t want to
allow the exchange sac:} 20. Nc4 bxc3 (20... Rab8 21. cxb4 Rxb4 22. b3 $16) 21.
Nb6 Qb7 22. Nxa8 c2 23. Rc1 Ne5 24. Re2 (24. Bg2 Nd3) (24. Be2 Nd3) 24... Qxa8
25. Rexc2 Qxd5 {which might have allowed Black to complicate matters.}) 20...
Rab8 (20... Ne5 21. Bh3 Nf3+ 22. Kh1 h6 23. Bxf5 Qa4 24. Rf1 Qxb4 (24... Rfe8
25. Nc4 Qxb4 26. b3 $16) 25. Nc2 Qxb2 26. Bxe4 Ng5 27. Bf5 Qxa2 28. Ne3 $16)
21. Nc4 Rfe8 ({Or} 21... Rxb4 22. b3 {with huge advantage for White.}) 22. Bh3
{White is a pawn up in a better position.} Qc7 23. b3 $18 f4 24. a3 $5 (24. Bf5
Rxb4 25. Bxe4 $18) 24... e3 25. fxe3 fxe3 26. Bf5 Re7 27. Kg2 Rbe8 28. Re2 {
Black will lose also the pawn on e3.} Kh8 {A complete disaster for Black.} 29.
Rd3 Kg8 30. Kh3 (30. Rdxe3 Rxe3 31. Rxe3 Rxe3 32. Nxe3 {allows some
counterplay:} Qc3) 30... Bh8 31. Qf3 Ne5 32. Qh5 Ng6 33. Qg5 (33. Qg5 Bg7 34.
Rdxe3 Rxe3 (34... h6 35. Rxe7 $18) 35. Rxe3 Rxe3 36. Qxe3 $18) 1-0

[Event "Pamplona 9899 9th"]
[Site "Pamplona"]
[Date "1998.12.29"]
[Round "3"]
[White "Xie, Jun"]
[Black "Sutovsky, Emil"]
[Result "0-1"]
[WhiteElo "2510"]
[BlackElo "2575"]
[Annotator "Rogozenco,D"]
[PlyCount "92"]
[EventDate "1998.12.27"]
[EventType "tourn"]
[EventRounds "9"]
[EventCountry "ESP"]
[EventCategory "13"]
[SourceTitle "CBM 069"]
[Source "ChessBase"]
[SourceDate "1999.04.01"]
[SourceVersion "1"]
[SourceVersionDate "1999.04.01"]
[SourceQuality "1"]

1. e4 c5 2. Nf3 Nc6 3. d4 cxd4 4. Nxd4 Nf6 5. Nc3 e5 6. Ndb5 d6 7. Bg5 a6 8.
Na3 b5 9. Nd5 Be7 10. Bxf6 Bxf6 11. c3 Rb8 12. Nc2 O-O 13. a3 {Lanka´s idea.
This in many positions useful move prepares Ncb4, in some lines it prevents
Black´s advance b5-b4. However, the practice has shown that Black is able to
solve the opening problems.} (13. h4 Be7 $5 14. a3 Kh8 15. Bd3 Be6 16. Ncb4
Nxb4 17. axb4 Ra8 18. Bc2 Ra7 19. g3 Qd7 20. O-O Bd8 $11 {Nisipeanu -
Rogozenko, Hamburg 98}) 13... Bg5 (13... a5 14. h4 (14. Bd3 $5) 14... Ne7 15.
Nce3 Nxd5 16. Nxd5 Be6 17. g3 Qd7 18. Bg2 Bd8 $11 {Kasparov-Kramnik, Moskow
PCA rapid 94}) 14. Ncb4 {Now Black is definetely OK. With the Bishop on c8
this move is pointless, because of the answer Bb7. But it seems that Black has
a very pleasant position anyway.} (14. h4 Bh6 15. Bd3 Be6 (15... Ne7 16. Nxe7+
Qxe7 17. Nb4 Bb7 18. Bc2 $14) 16. Ncb4 Nxb4 17. Nxb4 (17. axb4 Bxd5 18. exd5
$13) 17... Qb6 18. Bc2 $13) 14... Bb7 $11 15. g3 $6 (15. Bd3 Na5 $5 $13 (15...
a5 16. Nxc6 Bxc6 17. Bc2 Qd7 18. O-O Bd8 $11)) (15. Be2 a5 16. Nxc6 Bxc6 17.
O-O Qd7 $11 (17... b4 $11)) 15... a5 16. Nxc6 Bxc6 17. h4 Bh6 18. Bh3 b4 $1 $36
{White´s Bishop looks totally misplaced on h3, naturally Black creates
counterplay on queenside.} 19. axb4 axb4 20. c4 (20. O-O bxc3 21. bxc3 Rb2 $15)
20... Ra8 21. O-O Rxa1 22. Qxa1 Bxd5 23. cxd5 Qb6 $15 {Despite the
oposite-coloured Bishops Black has better prospects due to weak e4 and b2
pawns.} 24. Re1 $6 (24. b3) (24. Rd1) 24... Qd4 25. Qb1 b3 26. Rd1 Bd2 $1 27.
Bf1 $1 Rc8 28. Bd3 (28. Qd3 Qxd3 29. Bxd3 Bc1 (29... Rc2 30. Rb1) 30. Kg2 g6
31. Kf3 Bxb2 32. Rb1 Rc2 $19) 28... Qb4 29. Qa1 g6 30. Qa6 {White decided not
to wait any more. A passive play can become dangerous, for example:} (30. Qb1
Ra8 31. Kg2 Ra2 32. Kg1 Bh6 33. Bf1 (33. Kg2 Qd4) 33... Qc5 34. Kg2 Qc2 $19) (
30. Kg2 Rc2 31. Qb1 Qc5 $17) 30... Rc7 31. Ra1 Bc1 32. Qa8+ (32. Qa3 Qxa3 33.
Rxa3 Rb7 34. Bc4 Rb4 35. Bxb3 Bxb2 36. Ra8+ Kg7 37. Bc2 Bd4 38. Ra2 $15) 32...
Kg7 33. Qd8 Qe1+ 34. Kg2 Rc2 $1 {Using the last chance.} 35. Bxc2 bxc2 36. Ra8
(36. Qxd6 Qxe4+ 37. f3 Qe2+ 38. Kh3 Bxb2 39. Ra8 Ba3 40. Qxa3 Qf1+ 41. Kh2 c1=Q
42. Qf8+ Kf6 43. Qd6+ $11) 36... Qxe4+ 37. Kh2 $4 (37. f3 Qe2+ 38. Kh3 Qf1+ 39.
Kh2 Qf2+ 40. Kh3 Qf1+ 41. Kh2 {It seems Black should force a draw by perpetual
here.} Qxf3 42. Qf8+ Kf6 43. Qxd6+) 37... Kh6 $1 $19 {This nice move saves
Black from perpetual.} 38. Rc8 (38. Qf8+ Kh5 39. Qxf7 Bh6 $19) 38... Bd2 39.
Qf8+ Kh5 40. Qxf7 c1=Q 41. Qxh7+ Kg4 {Black not only runs away from perpetual,
he creates his own threats!} 42. Rxc1 Bxc1 43. h5 Qe2 44. Qxg6+ Kf3 45. Qf7+
Bf4 $1 46. Qa7 Bxg3+ 0-1

[Event "Pamplona 9899 9th"]
[Site "Pamplona"]
[Date "1999.01.05"]
[Round "9"]
[White "Illescas Cordoba, Miguel"]
[Black "Krasenkow, Michal"]
[Result "1/2-1/2"]
[WhiteElo "2605"]
[BlackElo "2655"]
[Annotator "Rogozenco,D"]
[PlyCount "100"]
[EventDate "1998.12.27"]
[EventType "tourn"]
[EventRounds "9"]
[EventCountry "ESP"]
[EventCategory "13"]
[SourceTitle "CBM 069"]
[Source "ChessBase"]
[SourceDate "1999.04.01"]
[SourceVersion "1"]
[SourceVersionDate "1999.04.01"]
[SourceQuality "1"]

1. e4 c5 2. Nf3 e6 3. Nc3 Nc6 4. d4 cxd4 5. Nxd4 Nf6 6. Ndb5 d6 7. Bf4 e5 8.
Bg5 a6 9. Na3 b5 10. Nd5 Be7 11. Bxf6 Bxf6 12. c3 Ne7 {One of the
possibilities here. The main idea behind it, is to fight immidiately for d5
square. The broken pawn structure after 13.Nf6 gf6, is typical for Sveshnikov
variation, so Black can hardly complain about that. Another important aspect,
a rather psychological one of 12. ... Ne7, is that choosing 10.Nd5 line, White
is hoping for a slight, long lasting advantage thanks to the strong Knight on
d5. After the text move White should "forget" about the dominating Knight.} 13.
Nxf6+ {The only way to fight for an advantage.} (13. Nxe7 Qxe7 14. Be2 Bb7 15.
Bf3 Rd8 16. O-O O-O 17. Qd3 $6 Bg5 18. Rfe1 d5 $1 $17 {Meijers-De Vreugt,
Dieren 97}) (13. Nc2 Nxd5 14. Qxd5 Be6 15. Qc6+ Ke7 16. Nb4 Qd7 17. a4 Qxc6 18.
Nxc6+ Kd7 19. Nb4 Kc7 $11 {Polgar Ju.-Lautier, Las Palmas 94}) 13... gxf6 14.
Be2 (14. Bd3 d5 15. exd5 Qxd5 16. f3 Qc5 17. Qd2 Be6 18. Qf2 Qxf2+ 19. Kxf2
O-O-O 20. Rhd1 Rd7 $11 {Kharitonov S.-Shariyazdanov, St.Petersburg 97}) (14.
Qf3 f5 15. exf5 Bxf5 16. Bd3 Be6 17. O-O O-O 18. Nc2 f5 19. Rfe1 Kh8 20. Bf1
Rg8 $13 {Zagrebelny-Sermek, Bled 94}) 14... Bb7 (14... f5 15. exf5 Bxf5 16. O-O
O-O 17. Qd2 Be6 18. c4 bxc4 19. Nxc4 Nf5 20. Bd3 $14 {Oll-Krasenkov, Vilnius 97
}) 15. Bf3 Qb6 $5 $146 {Curious enough, but this obvious move is a novelty.
Black brings his Rook on d8 in order to support d6-d5. It seems that even such
an "anti d6-d5" plan ( as Be2-f3) cannot stop this pawn advance.} (15... f5 16.
exf5 d5 17. g3 Nxf5 18. Nc2 O-O 19. O-O a5 20. Bg2 $14 {Lanka-Muse, BL93-94})
16. Nc2 d5 17. exd5 Rd8 18. Qe2 (18. Ne3 f5 $36) 18... Nxd5 19. Bxd5 Bxd5 20.
Ne3 Be4 $1 (20... Be6 21. Qh5 $14) 21. Qg4 Bd3 22. O-O-O Qe6 23. Qg7 Rf8 24. b3
$13 {After a couple of more or less forced moves a complicated position
appeared. While White has a better pawn structure, Black´s got a strong Bishop
on d3 and a good dynamic. Both Kings are rather insecure. The game shows that
White´s King can be even more exposed to attack.} e4 25. Kb2 $6 (25. Qxh7 $2
Qe5 (25... b4 $5 26. Nf5 (26. cxb4 Qe5 $17) 26... Qe5 27. Ng7+ Ke7 28. Nf5+ Kd7
$40) 26. Kb2 b4 27. Rc1 Rc8 $40 28. Nd1 $2 Qf4 $19) (25. Qg4 Qe5 26. Kb2 b4 27.
Rc1 $13) 25... h5 (25... b4 $5 {Trying to exploit the fact that White Queen is
too far from the King.} 26. cxb4 $2 Qe5+ 27. Ka3 a5 $40) 26. Qh6 Qe5 27. f4 (
27. Rhe1 b4 28. Rc1 Rc8 29. Nd1 Ke7 $15) 27... exf3 28. gxf3 b4 29. Rc1 Rg8 $36
{White´s Queen is bad placed, that´s why Black can create more threats, while
his own King on e8 is for the moment out of real danger.} 30. Rhe1 Rg6 31. Qh8+
Kd7 32. Qh7 Rf8 33. Ka1 $8 bxc3 34. Nc2 $8 (34. Nc4 Qd4 $19) 34... Be2 (34...
Qxh2 $2 35. Red1 Qe2 36. Qxh5 Rg5 37. Qh6 $16) 35. h4 Kc8 36. Kb1 Kb8 37. f4
Qe4 38. f5 Rgg8 39. Qh6 Qe5 40. Nb4 (40. Qe3 Qxe3 41. Nxe3 Bd3+ 42. Ka1 Rc8 $17
) 40... Qxf5+ 41. Ka1 Qf2 42. Nd5 Bg4 $2 (42... Bd1 $1 43. Qf4+ Qxf4 44. Nxf4
c2 $19) 43. Nxc3 Rc8 44. Rf1 Rg6 45. Rxf2 Rxh6 46. Kb2 {Black is still better,
but Whitw has certain drawish chances. However, in the game White achieved his
goal easily.} f5 47. Nd5 Rxc1 48. Kxc1 Rd6 (48... Rc6+ $5 49. Kb2 Rd6 50. Ne3
Re6 51. Nxg4 (51. Nxf5 $2 Rf6 $19) 51... fxg4 52. Rxf7 (52. Rf5 $2 g3 $19)
52... Re2+ 53. Kc3 Rh2 $17) 49. Ne3 Rd4 (49... Re6 50. Kd2) 50. Nxf5 Bxf5
1/2-1/2